[Event "Barcelona Sant Marti op-B 23rd"]
[Site "Barcelona"]
[Date "2023.07.20"]
[Round "8"]
[White "Morales Rubiella, Albert"]
[Black "Martin Arranz, Lluis"]
[Result "1/2-1/2"]
[WhiteElo "1402"]
[BlackElo "1598"]
[PlyCount "96"]
[EventDate "2023.07.13"]
[EventType "swiss"]
[EventRounds "9"]
[EventCountry "ESP"]
[SourceTitle "CBM 215 Extra"]
[Source "ChessBase"]
[SourceDate "2023.09.30"]
[SourceVersion "1"]
[SourceVersionDate "2023.09.30"]
[SourceQuality "1"]

1. d4 e6 2. Bf4 Nf6 3. Nf3 d6 4. e3 Be7 5. Bd3 h6 6. h3 Nbd7 7. c4 c5 8. Nc3 a6 9. 0-0 0-0 10. Rc1 Re8 11. Bh2 Bf8 12. Ne4 Nxe4 13. Bxe4 Nf6 14. Bb1 Bd7 15. dxc5 dxc5 16. Ne5 Qc8 17. Nxd7 Qxd7 18. Qc2 Bd6 19. Bxd6 Qxd6 20. Rfd1 Qc7 21. Rd2 Red8 22. Rcd1 Rxd2 23. Qxd2 Kf8 24. Qd6+ Qxd6 25. Rxd6 Ke7 26. Rd2 b6 27. Kf1 Ra7 28. Ke2 Rd7 29. Bc2 Rxd2+ 30. Kxd2 Kd6 31. b3 Nd7 32. Bd3 f6 33. Bf1 e5 34. Be2 e4 35. f4 exf3 36. Bxf3 Ne5 37. Bb7 a5 38. Ke2 Nf7 39. Bd5 Ng5 40. Kd3 Ke5 41. a3 f5 42. a4 Ne4 43. Bxe4 fxe4+ 44. Ke2 Kf5 45. Kf2 h5 46. g3 g5 47. Kf1 Ke5 48. Ke2 Kf5 1/2-1/2

[Event "Barcelona Sant Marti op-B 23rd"]
[Site "Barcelona"]
[Date "2023.07.14"]
[Round "2"]
[White "Delgado Camara, Lluis Felix"]
[Black "Martin Arranz, Lluis"]
[Result "0-1"]
[WhiteElo "1733"]
[BlackElo "1598"]
[PlyCount "78"]
[EventDate "2023.07.13"]
[EventType "swiss"]
[EventRounds "9"]
[EventCountry "ESP"]
[SourceTitle "CBM 215 Extra"]
[Source "ChessBase"]
[SourceDate "2023.09.30"]
[SourceVersion "1"]
[SourceVersionDate "2023.09.30"]
[SourceQuality "1"]

1. e4 e6 2. d4 d5 3. Nc3 Bb4 4. e5 c5 5. a3 Bxc3+ 6. bxc3 Ne7 7. Qg4 Nf5 8. Bd3 h5 9. Qf4 Qh4 10. Ne2 Qxf4 11. Nxf4 cxd4 12. Bxf5 exf5 13. Nxd5 Na6 14. cxd4 Be6 15. Nf4 Bc4 16. c3 Rc8 17. a4 Nc7 18. Rb1 b6 19. f3 g5 20. Nh3 Bd3 21. Rb3 Ne6 22. Kf2 f4 23. g3 Nxd4 24. cxd4 Rc2+ 25. Bd2 Rxd2+ 26. Ke1 Re2+ 27. Kd1 Ra2 28. Rc3 Be2+ 29. Ke1 0-0 30. Rg1 g4 31. gxf4 Kh8 32. fxg4 Bxg4 33. Ng5 Rxa4 34. Rc6 Rxd4 35. Rh6+ Kg7 36. Rf6 Rfd8 37. Rxf7+ Kg8 38. Kf2 Rd2+ 39. Ke3 Re2# 0-1

[Event "Barcelona La Lira op 14th"]
[Site "Barcelona"]
[Date "2023.05.04"]
[Round "3"]
[White "Martin Arranz, Lluis"]
[Black "Rodriguez Saez, Gerard"]
[Result "0-1"]
[WhiteElo "1637"]
[BlackElo "1880"]
[PlyCount "76"]
[EventDate "2023.04.20"]
[EventType "swiss"]
[EventRounds "9"]
[EventCountry "ESP"]
[SourceTitle "EXT 2024"]
[Source "ChessBase"]
[SourceDate "2023.10.10"]
[SourceVersion "1"]
[SourceVersionDate "2023.10.10"]
[SourceQuality "1"]

1. e4 d6 2. d4 Nf6 3. Nc3 g6 4. f3 Bg7 5. Be3 0-0 6. Qd2 c6 7. 0-0-0 b5 8. Kb1 Nbd7 9. g4 Nb6 10. a3 a5 11. g5 Nfd7 12. h4 b4 13. axb4 axb4 14. Na2 Qc7 15. Qd3 c5 16. c4 Qa7 17. Qb3 Na4 18. Ne2 cxd4 19. Bxd4 Nac5 20. Qxb4 Qxa2+ 21. Kc2 Rb8 22. Qa3 Qxc4+ 23. Nc3 Qb3+ 24. Qxb3 Nxb3 25. Bxg7 Kxg7 26. Bc4 Na5 27. Be2 Nb6 28. h5 Nbc4 29. Rb1 Be6 30. Nd5 Bxd5 31. exd5 Rfc8 32. Bxc4 Nxc4 33. hxg6 Na3+ 34. Kd3 Nxb1 35. Rxh7+ Kxg6 36. Rh1 Rxb2 37. f4 Rc3+ 38. Ke4 Rb4# 0-1

[Event "Barcelona La Lira op 14th"]
[Site "Barcelona"]
[Date "2023.04.20"]
[Round "1"]
[White "Martin Arranz, Lluis"]
[Black "Serrahima Susany, Ramon"]
[Result "0-1"]
[WhiteElo "1637"]
[BlackElo "2183"]
[PlyCount "126"]
[EventDate "2023.04.20"]
[EventType "swiss"]
[EventRounds "9"]
[EventCountry "ESP"]
[SourceTitle "EXT 2024"]
[Source "ChessBase"]
[SourceDate "2023.10.10"]
[SourceVersion "1"]
[SourceVersionDate "2023.10.10"]
[SourceQuality "1"]

1. e4 c5 2. Nf3 e6 3. b4 b6 4. bxc5 bxc5 5. d4 cxd4 6. Nxd4 Bb7 7. Bd3 Bc5 8. Be3 Qb6 9. c3 Ne7 10. Nd2 e5 11. Rb1 Qf6 12. Rxb7 exd4 13. cxd4 Bxd4 14. Nc4 Bxe3 15. Nxe3 0-0 16. 0-0 Nbc6 17. Rxd7 Rfd8 18. Rxd8+ Rxd8 19. Nd5 Qe5 20. Nxe7+ Qxe7 21. Qb1 Ne5 22. Be2 Ng6 23. Rd1 Re8 24. f3 Nf4 25. Qc2 h6 26. Qd2 Qc5+ 27. Kf1 Ne6 28. Qd5 Qc2 29. Qc4 Rc8 30. Qxc2 Rxc2 31. a4 Nf4 32. Re1 Ra2 33. Bb5 Rxg2 34. Rc1 Rxh2 35. Rc8+ Kh7 36. Rc7 f6 37. Rxa7 h5 38. Bd7 h4 39. Bf5+ Kh6 40. a5 h3 41. Ra8 Rh1+ 42. Kf2 g6 43. Bg4 Kg5 44. a6 h2 45. Rh8 f5 46. a7 Ra1 47. Kg3 fxg4 48. Rxh2 Rxa7 49. Rc2 Nh5+ 50. Kf2 Rf7 51. Rc5+ Kh4 52. Rc3 Rxf3+ 53. Rxf3 gxf3 54. e5 Kg4 55. e6 Kf4 56. e7 Nf6 57. Kf1 g5 58. Kf2 g4 59. Kf1 g3 60. Kg1 Ke3 61. Kf1 g2+ 62. Kg1 f2+ 63. Kxg2 Ke2 0-1

[Event "Barcelona La Lira op 39th"]
[Site "Barcelona"]
[Date "2023.02.17"]
[Round "5"]
[White "Martin Arranz, Lluis"]
[Black "Ntutumu Alene, Ireneo Bartolome"]
[Result "0-1"]
[WhiteElo "1642"]
[BlackElo "1499"]
[PlyCount "150"]
[EventDate "2023.01.20"]
[EventType "swiss"]
[EventRounds "8"]
[EventCountry "ESP"]
[SourceTitle "CBM 213 Extra"]
[Source "ChessBase"]
[SourceDate "2023.05.31"]
[SourceVersion "1"]
[SourceVersionDate "2023.05.31"]
[SourceQuality "1"]

1. e4 e5 2. Nf3 Nc6 3. Bb5 a6 4. Ba4 Nf6 5. d3 b5 6. Bb3 Bc5 7. c3 d6 8. h3 h6 9. Nbd2 0-0 10. Nf1 a5 11. Be3 Bxe3 12. Nxe3 a4 13. Bc2 Ne7 14. Nh4 d5 15. Qf3 dxe4 16. dxe4 Bb7 17. Nhf5 Nxf5 18. Nxf5 Ne8 19. 0-0 Nd6 20. Rfd1 Ra6 21. Qe2 Qe8 22. Qg4 Nxf5 23. exf5 Rf6 24. Rd3 Bc8 25. Rg3 g6 26. Qh5 Kh7 27. Qh4 Kg7 28. Re1 Bxf5 29. Bxf5 Rxf5 30. Qe4 Qe6 31. Qd3 c6 32. Rge3 Qxa2 33. g4 Rf6 34. Qe2 Re8 35. Rxe5 Rfe6 36. f4 Rxe5 37. fxe5 Re6 38. h4 Qd5 39. Qe3 Qd8 40. g5 h5 41. Rf1 Qe7 42. Re1 c5 43. Qf4 b4 44. Qf6+ Qxf6 45. exf6+ Kf8 46. Rd1 Ke8 47. Ra1 bxc3 48. bxc3 Re4 49. Rb1 Kf8 50. Rb5 a3 51. Ra5 Ke8 52. Ra8+ Kd7 53. Rxa3 Rxh4 54. Ra7+ Kd6 55. Rxf7 Rg4+ 56. Kf2 Rxg5 57. Ke3 Ke6 58. Rc7 Kxf6 59. Rc6+ Kg7 60. Kf4 Rg4+ 61. Ke5 Rc4 62. Rc7+ Kh6 63. Kf6 Rxc3 64. Rc8 Rf3+ 65. Ke5 Kg5 66. Ke4 Rf4+ 67. Ke3 Rf5 68. Ke4 h4 69. Rh8 c4 70. Kd4 Rf4+ 71. Kc3 Kg4 72. Rh6 g5 73. Rd6 h3 74. Rd1 h2 75. Kd2 Rd4+ 0-1

[Event "Barcelona La Lira op 39th"]
[Site "Barcelona"]
[Date "2023.02.10"]
[Round "4"]
[White "Ritter Aguilar, Jordi"]
[Black "Martin Arranz, Lluis"]
[Result "1-0"]
[WhiteElo "1705"]
[BlackElo "1642"]
[PlyCount "79"]
[EventDate "2023.01.20"]
[EventType "swiss"]
[EventRounds "8"]
[EventCountry "ESP"]
[SourceTitle "CBM 213 Extra"]
[Source "ChessBase"]
[SourceDate "2023.05.31"]
[SourceVersion "1"]
[SourceVersionDate "2023.05.31"]
[SourceQuality "1"]

1. c4 e6 2. e4 d5 3. exd5 exd5 4. d4 Nf6 5. Nc3 Bb4 6. Nf3 0-0 7. Bg5 h6 8. Bh4 Re8+ 9. Be2 dxc4 10. 0-0 Nc6 11. Bxc4 Bg4 12. Qb3 Rf8 13. Ne5 Nxe5 14. dxe5 Bxc3 15. Qxc3 g5 16. exf6 gxh4 17. h3 Bh5 18. g4 Bg6 19. Rad1 Qe8 20. f4 Qc6 21. f5 Bh7 22. Qd4 Qb6 23. Qxb6 axb6 24. Rd7 b5 25. Bb3 Rac8 26. Re1 c5 27. Bd5 Kh8 28. Bxf7 Bg8 29. Bxg8 Kxg8 30. Rg7+ Kh8 31. Rg6 Rf7 32. Rxh6+ Kg8 33. g5 c4 34. Rxh4 c3 35. bxc3 Rfc7 36. Re7 Rxe7 37. fxe7 b4 38. Rxb4 Kf7 39. Re4 Ke8 40. f6 1-0

[Event "Barcelona La Lira op 38th"]
[Site "Barcelona"]
[Date "2020.02.14"]
[Round "5"]
[White "Exposito Perez, Juan Miguel"]
[Black "Martin Arranz, Lluis"]
[Result "0-1"]
[WhiteElo "1451"]
[BlackElo "1645"]
[PlyCount "100"]
[EventDate "2020.01.17"]
[EventType "swiss"]
[EventRounds "8"]
[EventCountry "ESP"]
[SourceTitle "CBM 195 Extra"]
[Source "ChessBase"]
[SourceDate "2020.05.31"]
[SourceVersion "1"]
[SourceVersionDate "2020.05.31"]
[SourceQuality "1"]

1. d4 e6 2. Nf3 Nf6 3. Bg5 Be7 4. e3 b6 5. c3 d6 6. Nbd2 h6 7. Bh4 Nbd7 8. Be2 c5 9. 0-0 Bb7 10. Rc1 0-0 11. Qc2 e5 12. Rfd1 e4 13. Bxf6 Nxf6 14. Nh4 Qc8 15. g3 d5 16. Ng2 Bd6 17. f4 Re8 18. a3 Qd7 19. b4 Rac8 20. a4 cxd4 21. exd4 a6 22. Qb3 Ng4 23. Nf1 Nf6 24. Nfe3 h5 25. c4 dxc4 26. Bxc4 Rc7 27. Nd5 Bxd5 28. Bxd5 Nxd5 29. Qxd5 Bxb4 30. Qxd7 Rxd7 31. Rc4 Ba5 32. Ne3 Red8 33. d5 b5 34. Rxe4 Bb6 35. axb5 axb5 36. Kg2 Bxe3 37. Rxe3 Rxd5 38. Rxd5 Rxd5 39. Rb3 g6 40. h4 Kg7 41. Kf3 Kf6 42. g4 hxg4+ 43. Kxg4 Ke6 44. Re3+ Kd6 45. Rb3 Kc5 46. Rf3 Rf5 47. h5 Rxh5 48. Re3 b4 49. Re5+ Rxe5 50. fxe5 Kd5 0-1

[Event "Barcelona La Lira op 37th"]
[Site "Barcelona"]
[Date "2019.03.08"]
[Round "8"]
[White "Dominguez Diaz, Francisco"]
[Black "Martin Arranz, Lluis"]
[Result "0-1"]
[WhiteElo "1262"]
[BlackElo "1591"]
[PlyCount "82"]
[EventDate "2019.01.18"]
[EventType "swiss"]
[EventRounds "8"]
[EventCountry "ESP"]
[SourceTitle "CBM 189 Extra"]
[Source "ChessBase"]
[SourceDate "2019.05.31"]
[SourceVersion "1"]
[SourceVersionDate "2019.05.31"]
[SourceQuality "1"]

1. e4 e6 2. d4 d5 3. e5 c5 4. c3 Nc6 5. Nf3 Qb6 6. Be2 cxd4 7. cxd4 Nge7 8. 0-0 Nf5 9. Nc3 Nfxd4 10. Be3 Nxe2+ 11. Qxe2 Qd8 12. Bf4 Be7 13. Rad1 a6 14. a3 Bd7 15. Qd2 h6 16. Qc2 Rc8 17. Nd4 Nxd4 18. Rxd4 Bc5 19. Rd2 0-0 20. Qd1 f5 21. h3 d4 22. Ne2 Bb5 23. Nxd4 Bxd4 24. Rxd4 Qc7 25. Re1 Bc6 26. Re3 Qf7 27. Rg3 Kh7 28. h4 Bd5 29. h5 Rc6 30. Rg6 Rfc8 31. Kh2 Rc4 32. Rxc4 Rxc4 33. Qd2 Qe7 34. g3 Qf8 35. Qe3 Rc7 36. Qb6 Qc5 37. Qxc5 Rxc5 38. Be3 Rc2 39. b4 Ra2 40. Bc5 Ra1 41. g4 f4 0-1

[Event "Barcelona La Lira op 37th"]
[Site "Barcelona"]
[Date "2019.01.25"]
[Round "2"]
[White "Ramos Alvarez, Maximo"]
[Black "Martin Arranz, Lluis"]
[Result "1-0"]
[WhiteElo "1838"]
[BlackElo "1591"]
[PlyCount "55"]
[EventDate "2019.01.18"]
[EventType "swiss"]
[EventRounds "8"]
[EventCountry "ESP"]
[SourceTitle "CBM 189 Extra"]
[Source "ChessBase"]
[SourceDate "2019.05.31"]
[SourceVersion "1"]
[SourceVersionDate "2019.05.31"]
[SourceQuality "1"]

1. d4 e6 2. c4 Nf6 3. Nc3 Bb4 4. f3 Bxc3+ 5. bxc3 d6 6. e4 0-0 7. Bd3 e5 8. Ne2 Nbd7 9. 0-0 c5 10. d5 Qa5 11. Bg5 h6 12. Bd2 Re8 13. Ng3 a6 14. Nf5 Qc7 15. f4 Kh7 16. Qf3 Rg8 17. Qh3 Nf8 18. fxe5 dxe5 19. Bxh6 Bxf5 20. Rxf5 gxh6 21. Rxf6 Ng6 22. Qf5 Kg7 23. d6 Qd8 24. Rxf7+ Kh8 25. Rf6 Kh7 26. h4 h5 27. Qxh5+ Kg7 28. Qxg6+ 1-0

[Event "Barcelona Sant Marti op-B 20th"]
[Site "Barcelona"]
[Date "2018.07.15"]
[Round "3"]
[White "Riera Danes, Manel"]
[Black "Martin Arranz, Lluis"]
[Result "1/2-1/2"]
[WhiteElo "1938"]
[BlackElo "1582"]
[PlyCount "55"]
[EventDate "2018.07.13"]
[EventType "swiss"]
[EventRounds "9"]
[EventCountry "ESP"]
[SourceTitle "EXT 2019"]
[Source "ChessBase"]
[SourceDate "2018.10.10"]
[SourceVersion "1"]
[SourceVersionDate "2018.10.10"]
[SourceQuality "1"]

1. e4 e6 2. d4 d5 3. Nd2 c5 4. exd5 exd5 5. Ngf3 Nf6 6. Bb5+ Nc6 7. dxc5 Bxc5 8. 0-0 0-0 9. Nb3 Qb6 10. Bd3 Be7 11. Be3 Qc7 12. Nbd4 Bg4 13. h3 Nxd4 14. hxg4 Nc6 15. Nd4 Nxd4 16. Bxd4 Qf4 17. Be2 Bd6 18. g3 Qe4 19. Bf3 Qg6 20. Bxf6 Qxf6 21. Bxd5 Rad8 22. c4 Qxb2 23. Rb1 Qa3 24. Rxb7 Bc5 25. Rxf7 Qxg3+ 26. Kh1 Qh3+ 27. Kg1 Qg3+ 28. Kh1 1/2-1/2

[Event "Barcelona Sant Marti op-B 19th"]
[Site "Barcelona"]
[Date "2017.07.20"]
[Round "8"]
[White "Martinez Navarro, Miquel"]
[Black "Martin Arranz, Lluis"]
[Result "1-0"]
[WhiteElo "1547"]
[BlackElo "1669"]
[PlyCount "85"]
[EventDate "2017.07.13"]
[EventType "swiss"]
[EventRounds "9"]
[EventCountry "ESP"]
[SourceTitle "EXT 2018"]
[Source "ChessBase"]
[SourceDate "2017.10.13"]
[SourceVersion "1"]
[SourceVersionDate "2017.10.13"]
[SourceQuality "1"]

1. e4 e6 2. Nf3 d5 3. exd5 exd5 4. b3 Nf6 5. Bb2 Be7 6. Nc3 Bg4 7. h3 Bh5 8. g4 Bg6 9. Ne5 0-0 10. Bg2 c6 11. Qe2 d4 12. Nxg6 hxg6 13. Ne4 Nd5 14. Qc4 Nf4 15. Bf3 Ne6 16. 0-0-0 Na6 17. c3 Rc8 18. cxd4 b5 19. Qc3 Nb4 20. Kb1 Nd5 21. Qd3 Qa5 22. Bc3 Bb4 23. Rc1 Nef4 24. Qc2 Qc7 25. Kb2 a5 26. Nc5 Qa7 27. Nd3 Nxd3+ 28. Qxd3 a4 29. Bxd5 Bxc3+ 30. dxc3 a3+ 31. Kb1 cxd5 32. Qxb5 Rb8 33. Qxd5 Qa6 34. Qf3 Rb6 35. Rhe1 Rfb8 36. c4 Qa4 37. Rc3 Rf6 38. Qg3 Qa7 39. Rd3 Qa5 40. Rde3 g5 41. Re8+ Kh7 42. h4 Qd2 43. R8e2 1-0

[Event "Barcelona Sant Marti op-B 19th"]
[Site "Barcelona"]
[Date "2017.07.19"]
[Round "7"]
[White "Martin Arranz, Lluis"]
[Black "Febrero Perez, Lluis"]
[Result "0-1"]
[WhiteElo "1669"]
[BlackElo "1488"]
[PlyCount "74"]
[EventDate "2017.07.13"]
[EventType "swiss"]
[EventRounds "9"]
[EventCountry "ESP"]
[SourceTitle "EXT 2018"]
[Source "ChessBase"]
[SourceDate "2017.10.13"]
[SourceVersion "1"]
[SourceVersionDate "2017.10.13"]
[SourceQuality "1"]

1. e4 e5 2. Nf3 Nc6 3. Bb5 Nge7 4. c3 g6 5. d3 Bg7 6. 0-0 0-0 7. Re1 d6 8. Nbd2 a6 9. Ba4 b5 10. Bb3 Na5 11. Bc2 c5 12. Nf1 Bb7 13. Ng3 d5 14. Qe2 d4 15. cxd4 cxd4 16. b4 Nac6 17. a3 Rc8 18. Bg5 Rc7 19. Rac1 Qd6 20. Qd2 Rfc8 21. Bb3 a5 22. Bh6 axb4 23. Bxg7 Kxg7 24. Ng5 Nd8 25. Rxc7 Rxc7 26. axb4 Rc3 27. Qa2 f6 28. Nf7 Nxf7 29. Bxf7 Qxb4 30. Be8 Rb3 31. Qa7 Qxe1+ 32. Nf1 Rb1 33. h3 Qxf1+ 34. Kh2 Qh1+ 35. Kg3 Nf5+ 36. exf5 Qxg2+ 37. Kh4 Qg5# 0-1

[Event "Barcelona Sant Marti op-B 19th"]
[Site "Barcelona"]
[Date "2017.07.13"]
[Round "1"]
[White "Martin Arranz, Lluis"]
[Black "Fabregas Fontanet, Antonio"]
[Result "0-1"]
[WhiteElo "1669"]
[BlackElo "1903"]
[PlyCount "104"]
[EventDate "2017.07.13"]
[EventType "swiss"]
[EventRounds "9"]
[EventCountry "ESP"]
[SourceTitle "EXT 2018"]
[Source "ChessBase"]
[SourceDate "2017.10.13"]
[SourceVersion "1"]
[SourceVersionDate "2017.10.13"]
[SourceQuality "1"]

1. e4 g6 2. d4 Bg7 3. Nf3 d6 4. Be2 Nf6 5. Nc3 0-0 6. Bg5 b6 7. Qd2 Re8 8. 0-0-0 Bb7 9. e5 dxe5 10. dxe5 Qxd2+ 11. Rxd2 Ng4 12. e6 f6 13. Bf4 Na6 14. Bxa6 Bxa6 15. h3 Ne5 16. Nxe5 fxe5 17. Bg5 Bf6 18. Ne4 Bxg5 19. Nxg5 Rad8 20. Nf7 Rxd2 21. Kxd2 Bc4 22. Nxe5 Bxe6 23. Re1 Bd5 24. f3 Rd8 25. Kc3 Kf8 26. Rd1 b5 27. Nc6 Rd6 28. Nxa7 Bc4 29. Rxd6 exd6 30. g3 Bf1 31. h4 Ke8 32. Nc6 Kd7 33. Nb4 Be2 34. f4 Ke6 35. Kd2 Bf3 36. Ke3 Bd1 37. c3 c5 38. Nd3 Bc2 39. Ne1 Bb1 40. a3 Kf5 41. Kf2 Ba2 42. Ng2 Ke4 43. g4 Be6 44. g5 d5 45. Kg3 d4 46. cxd4 cxd4 47. Kf2 Bh3 48. Ne1 Bg4 49. Nc2 d3 50. Ne3 d2 51. b3 d1Q 52. Nxd1 Bxd1 0-1

[Event "Barcelona Primavera La Lira op 10th"]
[Site "Barcelona"]
[Date "2017.06.15"]
[Round "9"]
[White "Martin Arranz, Lluis"]
[Black "Tortosa Moros, Joan"]
[Result "0-1"]
[WhiteElo "1674"]
[BlackElo "1590"]
[PlyCount "110"]
[EventDate "2017.04.20"]
[EventType "swiss"]
[EventRounds "9"]
[EventCountry "ESP"]
[SourceTitle "EXT 2018"]
[Source "ChessBase"]
[SourceDate "2017.10.13"]
[SourceVersion "1"]
[SourceVersionDate "2017.10.13"]
[SourceQuality "1"]

1. e4 c5 2. Nf3 Nc6 3. d4 cxd4 4. Nxd4 g6 5. Nc3 Bg7 6. Be3 Nf6 7. f3 0-0 8. Qd2 d5 9. exd5 Nxd5 10. Nxd5 Qxd5 11. c4 Qd6 12. 0-0-0 Nxd4 13. Bxd4 e5 14. Be3 Qa6 15. Kb1 Be6 16. Qb4 Rfc8 17. b3 Qc6 18. Bd3 a5 19. Qb6 f5 20. Bc2 a4 21. Rd6 Qxb6 22. Rxb6 axb3 23. Bxb3 Bxc4 24. Rxb7 Bxb3 25. Rxb3 Rc4 26. Rc1 Rca4 27. Rc2 e4 28. fxe4 Rxe4 29. Bc1 Re1 30. a3 Rd8 31. Ka2 Red1 32. Bb2 R1d7 33. Bxg7 Kxg7 34. Rbc3 Rd2 35. Rc7+ Kh6 36. a4 f4 37. R7c3 g5 38. Ka3 g4 39. Rc6+ Kh5 40. R2c5+ R8d5 41. Rxd5+ Rxd5 42. Rc2 f3 43. gxf3 gxf3 44. Rf2 Kg4 45. Kb4 Re5 46. a5 Re2 47. Rf1 f2 48. a6 Kf3 49. Ra1 Re1 50. Ra3+ Kg2 51. a7 Re8 52. Ra2 Kg1 53. Re2 Ra8 54. Re7 f1Q 55. Rg7+ Kh1 0-1

[Event "Barcelona Primavera La Lira op 10th"]
[Site "Barcelona"]
[Date "2017.06.08"]
[Round "8"]
[White "Aubeso Duch, Miquel"]
[Black "Martin Arranz, Lluis"]
[Result "0-1"]
[WhiteElo "1337"]
[BlackElo "1674"]
[PlyCount "96"]
[EventDate "2017.04.20"]
[EventType "swiss"]
[EventRounds "9"]
[EventCountry "ESP"]
[SourceTitle "EXT 2018"]
[Source "ChessBase"]
[SourceDate "2017.10.13"]
[SourceVersion "1"]
[SourceVersionDate "2017.10.13"]
[SourceQuality "1"]

1. c4 e6 2. Nc3 Nf6 3. g3 Bb4 4. Nb1 Nc6 5. a3 Be7 6. Bg2 d5 7. b3 dxc4 8. Bxc6+ bxc6 9. bxc4 Qd4 10. Nc3 0-0 11. Nf3 Qxc4 12. 0-0 Nd5 13. Ne5 Qa6 14. Ne4 f5 15. Nc3 Bf6 16. Nd3 Bxc3 17. dxc3 Nxc3 18. Qc2 Ne4 19. Ne5 c5 20. f3 Nf6 21. Rd1 Bb7 22. Kf1 Rad8 23. Ke1 Rxd1+ 24. Kxd1 Qd6+ 25. Nd3 Rd8 26. Ke1 c4 27. Nf4 e5 28. Ng2 Qd4 29. Ne3 Ba6 30. Rb1 f4 31. Nf1 Nd5 32. Bb2 c3 33. Rd1 Qc4 34. Bxc3 Rd6 35. Rd3 Qc5 36. Rd2 Qxc3 37. Qa4 Kf7 38. Kf2 Qc5+ 39. Ke1 Bb5 40. Qe4 Nf6 41. Qb4 Qxb4 42. axb4 g5 43. Rc2 c6 44. g4 Nd5 45. Rb2 Ke6 46. Nd2 Ne3 47. Ne4 Rd1+ 48. Kf2 Rf1# 0-1

[Event "Barcelona Primavera La Lira op 10th"]
[Site "Barcelona"]
[Date "2017.06.01"]
[Round "7"]
[White "Martin Arranz, Lluis"]
[Black "Garcia Vazquez, Alejandro"]
[Result "0-1"]
[WhiteElo "1674"]
[BlackElo "1743"]
[PlyCount "66"]
[EventDate "2017.04.20"]
[EventType "swiss"]
[EventRounds "9"]
[EventCountry "ESP"]
[SourceTitle "EXT 2018"]
[Source "ChessBase"]
[SourceDate "2017.10.13"]
[SourceVersion "1"]
[SourceVersionDate "2017.10.13"]
[SourceQuality "1"]

1. e4 e6 2. d4 d5 3. e5 c5 4. c3 Nc6 5. Nf3 Qb6 6. Be2 cxd4 7. cxd4 Nge7 8. Na3 Nf5 9. Nc2 Bb4+ 10. Kf1 Be7 11. g4 Nh4 12. g5 Nxf3 13. Bxf3 Bd7 14. h4 0-0-0 15. Rh3 f6 16. gxf6 gxf6 17. exf6 Bxf6 18. Bg5 Bxg5 19. hxg5 e5 20. Rh6 e4 21. Be2 Rdg8 22. b4 Qd8 23. b5 Qxg5 24. Rxc6+ bxc6 25. Ke1 Qg1+ 26. Bf1 Rg2 27. Qe2 Bg4 28. Qe3 Rf8 29. Kd2 Qxf2+ 30. Kc3 Qxc2+ 31. Kb4 Qb2+ 32. Kc5 Rc2+ 33. Kd6 Qb4+ 0-1